More women of wonder : science fiction novelettes by women about women = Más mujeres de asombro: novelas cortas de ciencia ficción escrita por mujeres sobre mujeres /
Tallennettuna:
| Päätekijä: | |
|---|---|
| Aineistotyyppi: | Tuntematon |
| Kieli: | English |
| Julkaistu: |
New York :
Vintage Books,
1976.
|
| Aiheet: | |
| Tagit: |
Lisää tagi
Ei tageja, Lisää ensimmäinen tagi!
|
MARC
| LEADER | 000000000a22000000004500 | ||
|---|---|---|---|
| 001 | 015088 | ||
| 020 | |a 0394718763 | ||
| 041 | 0 | |a eng | |
| 082 | 0 | 4 | |a 813.087 |b S245m |
| 100 | 1 | |a Sargent, Pamela | |
| 245 | 1 | 0 | |a More women of wonder : |b science fiction novelettes by women about women = Más mujeres de asombro: novelas cortas de ciencia ficción escrita por mujeres sobre mujeres / |c Pamela Sargent. |
| 246 | 3 | 1 | |a Más mujeres de asombro: novelas cortas de ciencia ficción escrita por mujeres sobre mujeres |
| 260 | 1 | |a New York : |b Vintage Books, |c 1976. | |
| 300 | |a liii, 305 páginas ; |c 18 cm. | ||
| 650 | 4 | |a CIENCIA FICCION | |
| 650 | 4 | |a AMERICANAS | |
| 650 | 4 | |a NOVELA ESTADOUNIDENSE | |
| 650 | 4 | |a MUJERES EN LA LITERATURA | |
| 650 | 4 | |a MUJERES COMO AUTORAS | |
| 650 | 4 | |a LITERATURA ESTADOUNIDENSE | |
| 500 | |a Colección George Yúdice | ||
| 999 | |c 20948 |d 20948 | ||
| 942 | |c BK |h 813.087 S245m |2 z | ||



